000 00803nam a22002537i 4500
003 DO-SdBNP
005 20260321073645.0
007 ta
008 230223b1963 dr ab||| |||| 00| 0 spa d
040 _aDO-SdBNP
_bspa
_cBNPHU
_erda
082 4 _a923.133
_bD249B
_222
100 1 _a Bosch, Juan,
_d1909-2001
_eautor
_976555
245 1 0 _aDavid :
_bbiografía de un rey /
_cJuan Bosch.
264 _aSanto Domingo :
_bLibrería Dominicana,
_c1963.
300 _a313 páginas :
_bilustración y mapa ;
_c19 cm.
336 _2rdacontent
_atexto
_btxt
337 _2rdamedia
_asin mediación
_bnc
338 _2rdacarrier
_avolumen
_bn
490 _aPensamiento dominicano
590 _aInventariado, 2023/BT
600 1 4 _aDavid
_cRey de Israel
_d(1000-962 a. c.)
_9533
910 _aBtavárez
942 _2ddc
_cLBS1
999 _c53139
_d53139